000 00561nam a2200193Ia 4500
999 _c8829
_d8829
003 OSt
005 20220723120645.0
008 190216s9999||||xx |||||||||||||| ||und||
020 _a9788129702289
040 _coclc
082 _a005.74
_bELM/F
100 _aElmasri, Ramez
_91415
245 0 _aFundamentals Of Database Systems /
_cRamez Elmasri ; S B Navathe
250 _a4th Ed.
260 _bPearson Education Asia,
_aNew Delhi:
_c2004.
300 _a1030p
650 _aComputer
942 _cBK
_2ddc
_h005.74
_iELM/F
_k005.74
_mELM/F